Science On The Internet: (Record no. 577485)

MARC details
000 -LEADER
fixed length control field 01297nam a22001697a 4500
008 - FIXED-LENGTH DATA ELEMENTS--GENERAL INFORMATION
fixed length control field 250726b |||||||| |||| 00| 0 eng d
020 ## - INTERNATIONAL STANDARD BOOK NUMBER
ISBN 9780130607959
Paper back/Hardbound Paperback
082 ## - DEWEY DECIMAL CLASSIFICATION NUMBER
Classification number 507.1
Item number EBE
100 ## - MAIN ENTRY--AUTHOR NAME
Personal name Jazlin V. Ebenezer & Eddy Lau
245 ## - TITLE STATEMENT
Title Science On The Internet:
Sub Title : a resource for k–12 teachers
Statement of responsibility, etc Jazlin V. Ebenezer & Eddy Lau
250 ## - EDITION STATEMENT
Edition statement 2002 (second edition)
260 ## - PUBLICATION, DISTRIBUTION, ETC. (IMPRINT)
Place of publication Upper Saddle River, Nj, Usa
Name of publisher Merrill / Prentice Hall (Pearson Education)
Year of publication 2002
300 ## - PHYSICAL DESCRIPTION
Number of Pages 131
520 ## - SUMMARY, ETC.
Summary, etc This guide is designed to help K–12 science teachers effectively integrate the Internet into their teaching practice. It offers curated web resources, instructional strategies, and case studies to support Internet literacy and science curriculum development.<br/><br/>🌐 Introduces the basics of Internet navigation and search techniques<br/><br/>🧪 Provides annotated lists of science education websites aligned with curriculum standards<br/><br/>🧩 Includes virtual field trips, real-time data sources, and inquiry-based activities<br/><br/>🧑‍🏫 Features case studies of teachers using the Internet in elementary, middle, and secondary classrooms<br/><br/>📚 Covers topics like conceptual change, multicultural science education, and assessment strategies
942 ## - ADDED ENTRY ELEMENTS (KOHA)
Koha item type English Books
Holdings
Withdrawn status Lost status Damaged status Not for loan Home library Current library Shelving location Date acquired Full call number Accession Number Price effective from Koha item type
        Anna Centenary Library Anna Centenary Library 5TH FLOOR, A WING 01.09.2010 507.1 EBE 213434 26.07.2025 English Books

Find us on the map